[Event "19th Dubai Open 2017"]
[Site "Dubai UAE"]
[Date "2017.04.10"]
[Round "8.38"]
[White "Viani, Antonio Dcunha"]
[Black "Zarkovic, Mila"]
[Result "1/2-1/2"]
[WhiteTitle "IM"]
[BlackTitle "WIM"]
[WhiteElo "2410"]
[BlackElo "2256"]
[WhiteFideId "5027330"]
[BlackFideId "900451"]
[EventDate "2017.04.03"]

1. e4 c5 2. Nf3 e6 3. d4 cxd4 4. Nxd4 Nf6 5. Nc3 d6 6. Bc4 a6 7. Bb3 Be7 8. f4
O-O 9. f5 exf5 10. exf5 Nc6 11. O-O Na5 12. Qf3 Bd7 13. Bf4 Rc8 14. Rad1 Nxb3
15. axb3 Bc6 16. Nxc6 Rxc6 17. Kh1 Re8 18. Rd4 Qc8 19. g4 d5 20. Rd3 Bb4 21. Na2
Bd6 22. Bxd6 Rxd6 23. c3 a5 24. Nc1 h6 25. Ne2 Re4 26. Nf4 Qe8 27. Rfd1 Rb6 28.
Nxd5 Nxd5 29. Rxd5 Re1+ 30. Kg2 Rxd1 31. Qxd1 Qe4+ 32. Kf2 Qf4+ 33. Kg2 Qe4+ 34.
Kg3 Qe3+ 35. Qf3 Qe1+ 36. Kh3 Rxb3 37. f6 Rxb2 38. Rd8+ Kh7 39. fxg7 Kxg7 40.
Rd7 Qe6 41. Rxb7 Rxb7 42. Qxb7 Qe3+ 43. Kg2 Qxc3 44. Qb5 Qd4 45. Qxa5 Qxg4+ 46.
Kh1 h5 47. Qa1+ f6 48. Qa7+ Kg6 49. Qa8 Kg5 50. Qe8 Qd1+ 51. Kg2 Qd5+ 52. Kg1
Kf4 53. Qe1 Qd4+ 54. Kf1 Qd3+ 55. Kf2 Qf3+ 56. Kg1 Qe3+ 57. Qf2+ Qxf2+ 58. Kxf2
h4 59. Ke2 Ke4 60. Kf2 f5 61. Ke2 f4 62. Kf2 f3 63. Ke1 Ke5 64. Kf2 Kf4 65. Ke1
Ke4 66. Kf2 Kf4 67. Ke1 Ke3 68. Kf1 Kf4 1/2-1/2

[Event "19th Dubai Open 2017"]
[Site "Dubai UAE"]
[Date "2017.04.10"]
[Round "8.39"]
[White "Yohan, J."]
[Black "Padmini, Rout"]
[Result "1-0"]
[BlackTitle "IM"]
[WhiteElo "2164"]
[BlackElo "2400"]
[WhiteFideId "5058589"]
[BlackFideId "5029295"]
[EventDate "2017.04.03"]

1. e4 c5 2. Nf3 a6 3. b4 cxb4 4. d4 d5 5. e5 Bg4 6. a3 e6 7. axb4 Bxb4+ 8. c3
Ba5 9. Bd3 Nc6 10. O-O Nge7 11. Ba3 b5 12. Bd6 h6 13. h3 Bf5 14. Ra2 Bxd3 15.
Qxd3 O-O 16. Nbd2 Bc7 17. Bc5 Bb6 18. Nb3 Bxc5 19. Nxc5 Na5 20. Rfa1 Nec6 21.
Nh2 Ra7 22. Ng4 b4 23. f4 bxc3 24. Qxc3 Nc4 25. Rxa6 Rxa6 26. Rxa6 Ne7 27. Ra7
Nc6 28. Ra6 Ne7 29. Ra7 Nc6 30. Nxh6+ Kh7 31. Nxf7 Qh4 32. Ng5+ Kh8 33. Ncxe6
Nxa7 34. Nxf8 Kg8 35. Ng6 Qh5 36. Qb4 1-0

[Event "19th Dubai Open 2017"]
[Site "Dubai UAE"]
[Date "2017.04.11"]
[Round "9.2"]
[White "Jones, Gawain C B"]
[Black "Yilmaz, Mustafa"]
[Result "1/2-1/2"]
[WhiteTitle "GM"]
[BlackTitle "GM"]
[WhiteElo "2671"]
[BlackElo "2614"]
[WhiteFideId "409561"]
[BlackFideId "6302718"]
[EventDate "2017.04.03"]

1. e4 c5 2. Nf3 d6 3. Bb5+ Bd7 4. Bxd7+ Qxd7 5. c4 Nf6 6. Nc3 g6 7. d4 cxd4 8.
Nxd4 Bg7 9. f3 Qc7 10. b3 Qa5 11. Qd3 Nc6 12. Be3 Nd7 13. Rc1 a6 14. Nxc6 bxc6
15. O-O O-O 16. Qd2 Rfe8 17. Kh1 Rab8 18. Rfd1 Qb4 19. Rc2 Qa5 20. Qe1 Bxc3 21.
Rxc3 Qxa2 22. Ra1 Qb2 23. Rb1 Qa2 24. Ra1 Qb2 25. Rb1 Qa2 26. Ra1 1/2-1/2

[Event "19th Dubai Open 2017"]
[Site "Dubai UAE"]
[Date "2017.04.11"]
[Round "9.4"]
[White "Areshchenko, Alexander"]
[Black "Adly, Ahmed"]
[Result "0-1"]
[WhiteTitle "GM"]
[BlackTitle "GM"]
[WhiteElo "2686"]
[BlackElo "2597"]
[WhiteFideId "14109530"]
[BlackFideId "10601619"]
[EventDate "2017.04.03"]

1. e4 c5 2. Nf3 d6 3. Bb5+ Nd7 4. O-O Nf6 5. Re1 a6 6. Bd3 Ne5 7. Nxe5 dxe5 8.
a4 Bg4 9. Be2 Bd7 10. b3 Bc6 11. Bb2 Qc7 12. Na3 e6 13. Nc4 Nd7 14. Bf1 Be7 15.
Qh5 Bf6 16. a5 O-O 17. Qh3 Rae8 18. Qc3 Kh8 19. Rab1 Bb5 20. Ba3 Be7 21. Nb2 Qd6
22. Nc4 Qc7 23. Ne3 Bc6 24. Bd3 f5 25. Nc4 Bh4 26. g3 Be7 27. f3 Bb5 28. Kg2 Rd8
29. Nb2 Qd6 30. Nc4 Qc7 31. Nb2 Nb8 32. Bxb5 axb5 33. Nd3 Na6 34. b4 c4 35. Nxe5
Bf6 36. exf5 exf5 37. f4 Qd6 38. Re2 Nc7 39. Rbe1 Kg8 40. Qf3 Nd5 41. Bb2 Rfe8
42. Bc3 Re7 43. Qf2 Nxb4 44. Rb1 Qd5+ 45. Qf3 Nxc2 46. Qxd5+ Rxd5 47. Kf2 Bxe5
48. fxe5 0-1

[Event "19th Dubai Open 2017"]
[Site "Dubai UAE"]
[Date "2017.04.11"]
[Round "9.6"]
[White "Amin, Bassem"]
[Black "Idani, Pouya"]
[Result "1/2-1/2"]
[WhiteTitle "GM"]
[BlackTitle "GM"]
[WhiteElo "2663"]
[BlackElo "2573"]
[WhiteFideId "10601457"]
[BlackFideId "12510130"]
[EventDate "2017.04.03"]

1. Nf3 d6 2. d4 f5 3. g3 g6 4. Bg2 Nf6 5. O-O Bg7 6. c4 O-O 7. Nc3 Qe8 8. Re1 e5
9. dxe5 dxe5 10. e4 Nc6 11. Nd5 fxe4 12. Ng5 Nxd5 13. cxd5 Nd4 14. Nxe4 Bf5 15.
Be3 Qd7 16. Qd2 Bxe4 17. Bxe4 Nf3+ 18. Bxf3 Rxf3 19. Rac1 Rf7 20. Red1 Bf8 21.
Qd3 Qa4 22. b3 Qd7 23. Rc4 Bd6 24. Qe4 b6 25. Kg2 Qf5 26. a4 Qxe4+ 27. Rxe4 a5
28. h4 h5 29. Rc1 Rd7 30. Kf3 Rf8+ 31. Ke2 Rf5 32. Rc6 Kf7 33. Kd3 Ke8 34. Kc4
Kf7 35. Kb5 Be7 36. Rc3 Rxd5+ 37. Kc6 Ke6 38. Kxc7 b5 39. Rc6+ Bd6+ 40. Kb6 Rf8
41. axb5 Rb8+ 42. Ka6 Rbxb5 43. Rb6 Rb4 44. Rc4 Rxb6+ 45. Bxb6 Rd3 46. Kxa5 1/2-1/2

[Event "19th Dubai Open 2017"]
[Site "Dubai UAE"]
[Date "2017.04.11"]
[Round "9.7"]
[White "Indjic, Aleksandar"]
[Black "Oleksiyenko, Mykhaylo"]
[Result "1/2-1/2"]
[WhiteTitle "GM"]
[BlackTitle "GM"]
[WhiteElo "2589"]
[BlackElo "2643"]
[WhiteFideId "911925"]
[BlackFideId "4152417"]
[EventDate "2017.04.03"]

1. d4 Nf6 2. c4 e6 3. Nc3 Bb4 4. a3 Bxc3+ 5. bxc3 c5 6. e3 O-O 7. Bd3 b6 8. Ne2
Ba6 9. e4 Nc6 10. Bg5 h6 11. Bh4 e5 12. f4 cxd4 13. cxd4 exf4 14. e5 g5 15. exf6
gxh4 16. O-O Qxf6 17. Rxf4 Qg5 18. Qf1 f5 19. Qf2 Rae8 20. Rf1 Ne7 21. Rxh4 Nd5
22. Nf4 Ne3 23. Rh3 Nxf1 24. Bxf1 Kh7 25. Rg3 Qd8 26. Bd3 Qe7 27. Ng6 Qe1+ 28.
Qxe1 Rxe1+ 29. Kf2 Rfe8 30. Nf4 R1e4 31. Bxe4 fxe4 32. Nh5 Rf8+ 33. Ke3 Rf5 34.
Rg7+ Kh8 35. Ng3 Kxg7 36. Nxf5+ Kf6 37. Nxh6 Bxc4 38. Kxe4 Ke6 39. g4 b5 40. Ke3
Kf6 41. Nf5 Kg5 42. Kf3 Bd5+ 43. Kg3 a5 44. h4+ Kf6 45. Kf4 b4 46. Ne3 Bb3 47.
axb4 a4 48. b5 a3 49. b6 a2 50. b7 a1=Q 51. b8=Q Qxd4+ 52. Kf3 Bd1+ 53. Nxd1
Qxd1+ 54. Kg3 Qg1+ 55. Kh3 Qf1+ 1/2-1/2

[Event "19th Dubai Open 2017"]
[Site "Dubai UAE"]
[Date "2017.04.11"]
[Round "9.8"]
[White "Fier, Alexandr"]
[Black "Zhang, Zhong"]
[Result "1/2-1/2"]
[WhiteTitle "GM"]
[BlackTitle "GM"]
[WhiteElo "2562"]
[BlackElo "2641"]
[WhiteFideId "2107139"]
[BlackFideId "8600694"]
[EventDate "2017.04.03"]

1. d4 d6 2. Nf3 g6 3. g3 Bg7 4. Bg2 Nd7 5. c4 e5 6. Nc3 Ne7 7. O-O O-O 8. Re1
exd4 9. Nxd4 Ne5 10. Nd5 Nxc4 11. Bg5 f6 12. Bc1 Nf5 13. Nxf5 Bxf5 14. Nf4 Kh8
15. Bxb7 Rb8 16. Bd5 Nb6 17. Bg2 Bd7 18. Be3 f5 19. Bd4 Bxd4 20. Qxd4+ Qf6 21.
Qxf6+ Rxf6 22. Rac1 c5 23. Red1 Be8 24. Rd2 Bf7 25. b3 g5 26. Nd5 Bxd5 27. Bxd5
Kg7 28. Bf3 Kf8 29. e3 a5 30. Bc6 Rc8 31. Bb5 Ke7 32. Rdc2 h6 33. Kg2 Rc7 34.
Kf3 Rf8 35. h3 Ke6 36. Bd3 Nd7 37. Ke2 Ne5 38. Bc4+ Ke7 39. Rd2 Rb7 40. Bd5 Rb4
41. Rcd1 Rf6 42. f4 Nd7 43. Rd3 Rg6 44. Bc6 Nb8 45. Ba8 Na6 46. Bd5 Rb8 47. Kf3
Nb4 48. R3d2 Rf6 49. Bc4 Kd7 50. Rc1 Nc6 51. Bd3 Ne7 52. Kf2 Kc7 53. Be2 Rg6 54.
Bh5 Rf6 55. Be2 Rg6 56. Bc4 Rf6 57. Rh1 Rh8 58. Be2 Rg6 59. Bf3 h5 60. h4 g4 61.
Bg2 d5 62. Rhd1 Rd6 63. e4 fxe4 64. Bxe4 Rhd8 65. Bb1 Re6 66. Re1 Rxe1 67. Kxe1
Rd6 68. Re2 Kd7 69. Bd3 Re6 70. Bb5+ Kd6 71. Rxe6+ Kxe6 72. Be8 Nf5 73. Bxh5
Nxg3 74. Bxg4+ Kf6 75. Bf3 d4 76. h5 Nf5 77. Be4 Nd6 78. Bd3 Kg7 79. Ke2 Kh6 80.
Bg6 Nb5 81. Kd3 Nd6 82. Ke2 Nb5 83. Kf3 Nc3 84. a4 Kg7 85. Bd3 Kh6 86. f5 Kg5
87. h6 Kxh6 88. Kf4 Nd5+ 89. Ke5 Nb4 90. Be4 d3 91. f6 d2 92. Bf3 Kg6 93. Ke6
Nc6 94. Bd1 Nd4+ 95. Ke5 Kf7 96. Bh5+ Kf8 97. Kd5 Nxb3 98. Kc4 Nd4 99. Kxc5 Ne6+
100. Kb5 Nf4 101. Bf3 Nd3 102. Kxa5 Nb2 103. Bh5 Nxa4 104. Kxa4 d1=Q+ 105. Bxd1
Kf7 1/2-1/2

[Event "19th Dubai Open 2017"]
[Site "Dubai UAE"]
[Date "2017.04.11"]
[Round "9.9"]
[White "Anton Guijarro, David"]
[Black "Karthikeyan, P."]
[Result "1-0"]
[WhiteTitle "GM"]
[BlackTitle "IM"]
[WhiteElo "2679"]
[BlackElo "2507"]
[WhiteFideId "2285525"]
[BlackFideId "5018226"]
[EventDate "2017.04.03"]

1. Nf3 Nf6 2. c4 e6 3. Nc3 Bb4 4. Qc2 O-O 5. a3 Bxc3 6. Qxc3 b6 7. b4 Bb7 8. Bb2
d6 9. e3 Nbd7 10. Be2 c5 11. O-O Rc8 12. d4 Ne4 13. Qb3 d5 14. dxc5 bxc5 15.
Rfc1 Nb6 16. b5 Nxc4 17. Bxc4 dxc4 18. Qxc4 Bd5 19. Qc2 c4 20. a4 c3 21. Ba3 Re8
22. Rd1 Qf6 23. Rd4 Nc5 24. Rc1 Bxf3 25. gxf3 Qxf3 26. Rf4 Qb7 27. Rc4 Nd7 28.
Rxc3 Rxc3 29. Qxc3 Qe4 30. Qc6 Qg4+ 31. Kh1 Nf6 32. Rg1 Qxa4 33. Bb2 Qe4+ 34.
Qxe4 Nxe4 35. Rxg7+ Kf8 36. f3 Nd6 37. Rxh7 Ke7 38. Ba3 Rb8 39. Bxd6+ Kxd6 40.
Rxf7 Rxb5 41. Rxa7 Rb3 42. Kg2 Rxe3 43. h4 e5 44. Kf2 Rb3 45. h5 e4 46. fxe4 Ke5
47. Ra4 Kf4 48. Kg2 Rg3+ 49. Kf2 Rh3 50. Ra5 Rh2+ 51. Kg1 Re2 52. Rf5+ Kg4 53.
Re5 Kf4 54. Re6 Kg5 55. h6 Ra2 56. h7 Ra8 57. Kf2 Rh8 58. Re7 Kf6 59. Ra7 Ke5
60. Kf3 Rf8+ 61. Kg4 Kf6 62. Kh5 Re8 63. Kh6 1-0

[Event "19th Dubai Open 2017"]
[Site "Dubai UAE"]
[Date "2017.04.11"]
[Round "9.11"]
[White "Pichot, Alan"]
[Black "Salgado Lopez, Ivan"]
[Result "1/2-1/2"]
[WhiteTitle "GM"]
[BlackTitle "GM"]
[WhiteElo "2556"]
[BlackElo "2641"]
[WhiteFideId "110973"]
[BlackFideId "2257327"]
[EventDate "2017.04.03"]

1. e4 c6 2. d4 d5 3. e5 c5 4. dxc5 e6 5. a3 Bxc5 6. Qg4 g6 7. Nf3 h5 8. Qg3 Nc6
9. Bg5 h4 10. Bxh4 Qb6 11. b4 Nd4 12. bxc5 Nxf3+ 13. Qxf3 Qb2 14. Qf4 Bd7 15.
Bd3 Rxh4 16. Qxh4 Qxe5+ 17. Kd2 Qxa1 18. Qb4 O-O-O 19. Rf1 Qe5 20. Nc3 Ne7 21.
Rb1 Qc7 22. f4 Nc6 23. Qa4 Qa5 24. Qxa5 Nxa5 25. Ne2 Nc4+ 26. Kc3 Nxa3 27. Ra1
Nb5+ 28. Bxb5 Bxb5 29. Nd4 Ba6 30. Nf3 f6 31. Re1 Kd7 32. g4 Rc8 33. Nd4 Rxc5+
34. Kd2 Rc8 35. Nxe6 Bc4 36. h4 Rh8 37. g5 f5 38. Kc3 b6 39. h5 Rxh5 40. Nf8+
Kd6 41. Kd4 Rh2 42. Re6+ Kc7 43. Nxg6 Rxc2 44. Rf6 Rd2+ 45. Ke5 d4 46. Kxf5 d3
47. Ne5 Bb3 48. g6 Rg2 49. Rf7+ Kc8 50. Rf8+ Kc7 51. Rf7+ Kc8 52. Rf8+ Kc7 53.
Rf7+ Kc8 54. Rf8+ 1/2-1/2

[Event "19th Dubai Open 2017"]
[Site "Dubai UAE"]
[Date "2017.04.11"]
[Round "9.12"]
[White "Kuybokarov, Temur"]
[Black "Gupta, Abhijeet"]
[Result "1/2-1/2"]
[WhiteTitle "IM"]
[BlackTitle "GM"]
[WhiteElo "2504"]
[BlackElo "2607"]
[WhiteFideId "14203049"]
[BlackFideId "5010608"]
[EventDate "2017.04.03"]

1. e4 c5 2. Nf3 d6 3. d4 cxd4 4. Nxd4 Nf6 5. Nc3 Nc6 6. Bg5 e6 7. Qd2 a6 8.
O-O-O Bd7 9. f4 b5 10. Bxf6 gxf6 11. Kb1 Qb6 12. Nxc6 Bxc6 13. f5 b4 14. Ne2 e5
15. Ng3 Qc5 16. Bd3 Ke7 17. Nh5 Rg8 18. Rhg1 Rg5 19. Qe2 Bh6 20. h4 Rgg8 21. g4
Be3 22. Rg3 Bf4 23. Rh3 h6 24. Qf3 a5 25. Nxf4 exf4 26. Qxf4 a4 27. Be2 a3 28.
Rhd3 Rgc8 29. R1d2 Qe5 30. Qxe5+ dxe5 31. b3 Bb5 32. Rd5 Bxe2 33. Rxe2 Rc3 34.
Rd3 Rg8 35. Rg2 h5 36. Kc1 hxg4 37. Kd2 Rc7 38. c4 bxc3+ 39. Kc2 Rb7 40. Rdg3
Rd7 41. Rxg4 Rgd8 42. h5 Rd2+ 43. Rxd2 cxd2 44. Kd1 Rd3 45. Rh4 Kf8 46. h6 Kg8
47. h7+ Kh8 48. Rh6 Rxb3 49. Rxf6 Rb7 50. Kxd2 Kxh7 51. Kc3 Rd7 52. Kb3 Rd3+ 53.
Kc2 Rd7 54. Kb3 Rd3+ 55. Kc2 Rd7 1/2-1/2

[Event "19th Dubai Open 2017"]
[Site "Dubai UAE"]
[Date "2017.04.11"]
[Round "9.13"]
[White "Bok, Benjamin"]
[Black "Visakh, N R"]
[Result "1/2-1/2"]
[WhiteTitle "GM"]
[BlackTitle "IM"]
[WhiteElo "2605"]
[BlackElo "2464"]
[WhiteFideId "1017063"]
[BlackFideId "25012223"]
[EventDate "2017.04.03"]

1. d4 Nf6 2. c4 e6 3. Nf3 d5 4. Nc3 Be7 5. Bf4 O-O 6. e3 Nbd7 7. c5 Nh5 8. Bd3
c6 9. O-O Nxf4 10. exf4 b6 11. b4 bxc5 12. bxc5 g6 13. Qa4 Qc7 14. Ne2 Bb7 15.
Rab1 Rfb8 16. g3 Bd8 17. Rb2 Qa5 18. Qc2 Ba6 19. Rfb1 Bxd3 20. Qxd3 Bc7 21. Kg2
Rxb2 22. Rxb2 Rb8 23. Rxb8+ Nxb8 24. Nc1 Qb5 25. Qb3 Qxb3 26. axb3 f6 27. Nd3 h6
28. h4 h5 29. Kf1 Kf7 30. Ke2 Ba5 31. b4 Bc7 32. Nd2 Nd7 33. Nf3 a5 34. bxa5
Bxa5 35. Kd1 Ke8 36. Kc2 Kd8 37. Kb3 Kc8 38. Ka4 Bc7 39. Kb3 Kb7 40. Kb4 Kc8 41.
Ka4 Kb7 42. Kb3 Ka6 43. Ka4 Kb7 44. Kb4 Kc8 45. Kb3 1/2-1/2

[Event "19th Dubai Open 2017"]
[Site "Dubai UAE"]
[Date "2017.04.11"]
[Round "9.14"]
[White "Mchedlishvili, Mikheil"]
[Black "Hesham, Abdelrahman"]
[Result "1-0"]
[WhiteTitle "GM"]
[BlackTitle "GM"]
[WhiteElo "2602"]
[BlackElo "2348"]
[WhiteFideId "13600966"]
[BlackFideId "10600183"]
[EventDate "2017.04.03"]

1. c4 Nf6 2. d4 g6 3. g3 Bg7 4. Bg2 O-O 5. Nc3 d6 6. Nf3 Nc6 7. O-O e5 8. d5 Ne7
9. e4 h6 10. Ne1 Nd7 11. Nd3 f5 12. Bd2 g5 13. exf5 Nxf5 14. Ne4 Nf6 15. Bc3 Nd4
16. Re1 Bf5 17. Bxd4 exd4 18. Nxf6+ Qxf6 19. Be4 Rae8 20. Bxf5 Qxf5 21. Qd2 c6
22. dxc6 bxc6 23. Re2 Re6 24. Rxe6 Qxe6 25. Qc2 Rf3 26. Re1 Qf5 27. Rd1 Qe4 28.
Qd2 Qe6 29. Ne1 Rf5 30. Qd3 c5 31. b3 h5 32. Ng2 h4 33. g4 Rf7 34. h3 Be5 35.
Rd2 Kg7 36. Re2 Qf6 37. Qd2 a5 38. Ne1 a4 39. Nd3 axb3 40. axb3 Rb7 41. Qe1 Rxb3
42. Nxe5 dxe5 43. Rxe5 Rb7 44. Qe4 Rf7 45. Rf5 Qg6 46. Qe5+ Kh6 47. Qxc5 d3 48.
Rxf7 Qxf7 49. Qd6+ 1-0

[Event "19th Dubai Open 2017"]
[Site "Dubai UAE"]
[Date "2017.04.11"]
[Round "9.15"]
[White "Xu, Xiangyu"]
[Black "Tari, Aryan"]
[Result "1/2-1/2"]
[WhiteTitle "IM"]
[BlackTitle "GM"]
[WhiteElo "2503"]
[BlackElo "2597"]
[WhiteFideId "8608288"]
[BlackFideId "1510045"]
[EventDate "2017.04.03"]

1. d4 Nf6 2. c4 g6 3. Nc3 d5 4. Bf4 Bg7 5. e3 O-O 6. cxd5 Nxd5 7. Nxd5 Qxd5 8.
Bxc7 Na6 9. Bxa6 Qxg2 10. Qf3 Qxf3 11. Nxf3 bxa6 12. Rc1 f6 13. Rg1 Bb7 14. Ke2
Rf7 15. b3 Rc8 16. Bg3 Rff8 17. Bc7 Rf7 18. Bg3 Rff8 19. Bc7 Rf7 1/2-1/2

[Event "19th Dubai Open 2017"]
[Site "Dubai UAE"]
[Date "2017.04.11"]
[Round "9.16"]
[White "Stany, G.A."]
[Black "Pantsulaia, Levan"]
[Result "0-1"]
[WhiteTitle "IM"]
[BlackTitle "GM"]
[WhiteElo "2495"]
[BlackElo "2589"]
[WhiteFideId "5029104"]
[BlackFideId "13602071"]
[EventDate "2017.04.03"]

1. e4 c6 2. d4 d5 3. e5 Bf5 4. Nf3 e6 5. Be2 Ne7 6. O-O h6 7. Nbd2 Nd7 8. a4 a5
9. Nb3 Qc7 10. Bd2 g5 11. Ne1 Bg7 12. Nd3 b6 13. Rc1 O-O-O 14. Qe1 Kb8 15. f4
Ka8 16. c4 dxc4 17. Rxc4 Nd5 18. Nf2 gxf4 19. Bf3 f6 20. exf6 Bxf6 21. Qe2 Nb8
22. Nd3 Qh7 23. Nxf4 Bg5 24. Nxd5 exd5 25. Rc3 Rde8 26. Qf2 Rhf8 27. Bxd5 Be4
28. Bxe4 Qxe4 29. Rf3 Rxf3 30. Qxf3 Bxd2 31. Nxd2 Qxd4+ 32. Qf2 Qb4 33. b3 Nd7
34. Re1 Rd8 35. Re4 Qc3 36. Qe3 Qxe3+ 37. Rxe3 Nc5 38. Nc4 Kb7 39. Re7+ Ka6 40.
Rc7 Rd1+ 41. Kf2 Rd3 42. Ne5 Rxb3 43. Nxc6 Rb2+ 44. Kf3 Nxa4 45. h4 Nc5 46. g4
a4 47. Ra7+ Kb5 48. Ne5 Rb3+ 49. Kf4 a3 50. Nf3 Rb4+ 51. Kf5 Na4 52. Ne1 a2 53.
Nc2 Rb2 54. Na1 Rb1 55. Nc2 Rc1 0-1

[Event "19th Dubai Open 2017"]
[Site "Dubai UAE"]
[Date "2017.04.11"]
[Round "9.17"]
[White "Salomon, Johan"]
[Black "Can, Emre"]
[Result "1/2-1/2"]
[WhiteTitle "IM"]
[BlackTitle "GM"]
[WhiteElo "2487"]
[BlackElo "2578"]
[WhiteFideId "1509500"]
[BlackFideId "6302181"]
[EventDate "2017.04.03"]

1. Nf3 Nf6 2. g3 g6 3. Bg2 Bg7 4. O-O O-O 5. d4 d6 6. c4 Nc6 7. Nc3 e5 8. dxe5
dxe5 9. Bg5 Be6 10. Nd5 Bxd5 11. Bxf6 Bxf6 12. cxd5 Ne7 13. e4 Qd6 14. Qb3 c6
15. dxc6 Nxc6 16. Rfd1 Qe7 17. Bf1 Rfd8 18. a3 Qc7 19. Rac1 Rxd1 20. Rxd1 Rc8
21. Rc1 Kg7 22. h4 Rd8 23. Kg2 h6 24. Bb5 Qb6 25. Bc4 Rd7 26. Qxb6 axb6 27. Bd5
Ne7 28. Bb3 Nc6 29. Bd5 Ne7 30. Bb3 Nc6 1/2-1/2

[Event "19th Dubai Open 2017"]
[Site "Dubai UAE"]
[Date "2017.04.11"]
[Round "9.18"]
[White "Rathnakaran, K."]
[Black "Xu, Yinglun"]
[Result "1-0"]
[WhiteTitle "IM"]
[WhiteElo "2383"]
[BlackElo "2557"]
[WhiteFideId "5005507"]
[BlackFideId "8604940"]
[EventDate "2017.04.03"]

1. e4 c5 2. Nf3 d6 3. d4 cxd4 4. Nxd4 Nf6 5. Nc3 a6 6. Be3 e6 7. f3 b5 8. Qd2
Nbd7 9. g4 h6 10. h4 b4 11. Nce2 d5 12. Ng3 Qc7 13. O-O-O Bd6 14. f4 Nxg4 15. e5
Nxe3 16. Qxe3 Bc5 17. Nge2 g6 18. Qg3 Bb7 19. Bh3 O-O-O 20. Bxe6 fxe6 21. Nxe6
Qb6 22. Nxd8 Rxd8 23. h5 g5 24. fxg5 Be3+ 25. Kb1 Bxg5 26. Nd4 Re8 27. Rhe1 Nc5
28. Nf5 Kb8 29. Nd6 Re7 30. Qf2 Na4 31. Qf8+ Ka7 32. Ka1 Qc5 33. Qf5 Be3 34.
Nxb7 Kxb7 35. Kb1 d4 36. Qe4+ Qc6 37. Rxe3 Nc3+ 38. bxc3 dxe3 39. Qxe3 bxc3 40.
Ka1 Kc8 41. a3 Rd7 42. Qh3 a5 43. Rxd7 Qxd7 44. Qxc3+ Kb7 45. Qxa5 Qd1+ 46. Kb2
Qxh5 47. Qd5+ Kb6 48. Qd6+ Ka7 49. e6 1-0

[Event "19th Dubai Open 2017"]
[Site "Dubai UAE"]
[Date "2017.04.11"]
[Round "9.20"]
[White "Sargissian, Gabriel"]
[Black "Asadli, Vugar"]
[Result "1/2-1/2"]
[WhiteTitle "GM"]
[BlackTitle "IM"]
[WhiteElo "2666"]
[BlackElo "2431"]
[WhiteFideId "13300881"]
[BlackFideId "13405764"]
[EventDate "2017.04.03"]

1. d4 Nf6 2. Nf3 e6 3. Bf4 b6 4. e3 Bb7 5. h3 Be7 6. c3 O-O 7. Nbd2 d6 8. Bh2
Nbd7 9. Bd3 Re8 10. O-O Bf8 11. e4 e5 12. Re1 g6 13. a4 a6 14. Qc2 Bg7 15. b4
Nh5 16. d5 Nf4 17. Bf1 Rf8 18. a5 f5 19. axb6 fxe4 20. bxc7 Qxc7 21. Ng5 Bxd5
22. Ngxe4 Kh8 23. c4 Bg8 24. Qa4 Ne6 25. Qa5 Qc6 26. Qd5 Qxd5 27. cxd5 Nd4 28.
Rxa6 Rxa6 29. Bxa6 Bxd5 30. Nxd6 Rf6 31. Bxe5 Nxe5 32. Rxe5 Rxd6 33. Re8+ Bg8
34. Bc4 Ne6 35. Rxg8+ Kxg8 36. Ne4 Rc6 37. Bd5 Rc1+ 38. Kh2 Kf7 39. Ng5+ Ke7 40.
Nxe6 Kd6 41. Bb3 Rb1 42. Nc5 Be5+ 43. g3 Rb2 44. Ne4+ Ke7 45. Bd5 Rxb4 46. Kg2 1/2-1/2

[Event "19th Dubai Open 2017"]
[Site "Dubai UAE"]
[Date "2017.04.11"]
[Round "9.21"]
[White "Vignesh, N R"]
[Black "Salem, A.R. Saleh"]
[Result "1/2-1/2"]
[WhiteTitle "IM"]
[BlackTitle "GM"]
[WhiteElo "2411"]
[BlackElo "2652"]
[WhiteFideId "25012215"]
[BlackFideId "9301348"]
[EventDate "2017.04.03"]

1. d4 Nf6 2. c4 g6 3. Nf3 Bg7 4. g3 O-O 5. Bg2 d6 6. Nc3 Nc6 7. O-O e5 8. d5 Nb8
9. e4 a5 10. Ne1 Na6 11. Nd3 Nd7 12. Be3 f5 13. a3 Ndc5 14. Nxc5 Nxc5 15. exf5
gxf5 16. Bxc5 dxc5 17. d6 Qxd6 18. Qxd6 cxd6 19. Rad1 Ra6 20. g4 e4 21. gxf5
Bxc3 22. bxc3 Bxf5 23. Rfe1 Re8 24. Rb1 Re7 25. Re3 Bg6 26. Rb2 Ra8 27. f3 Kh8
28. fxe4 Rg8 29. Rg3 Rgg7 30. Re2 Re5 31. Kf2 Rf7+ 32. Ke3 Rfe7 33. Rf2 Kg7 34.
h4 Kh6 35. Rf4 Rf7 36. Rgg4 Rxf4 37. Rxf4 Kg7 38. Rf1 Be8 39. Bf3 Bc6 40. Rg1+
Kf7 41. Kf4 Re6 42. Rg5 Rf6+ 43. Ke3 Kf8 44. Bg4 h6 45. Rf5 Rxf5 46. Bxf5 Ke7
47. Bg4 Kf6 48. Kf4 Ba4 49. Bc8 b6 50. Bg4 Be8 51. Bd1 Bd7 52. Bc2 Bh3 53. Bd3
Be6 54. Be2 Bf7 55. Bd3 Bh5 56. Bf1 Bd1 57. Bd3 Bh5 58. Bf1 Bd1 59. Bd3 Bh5 60.
Bf1 1/2-1/2

[Event "19th Dubai Open 2017"]
[Site "Dubai UAE"]
[Date "2017.04.11"]
[Round "9.23"]
[White "Dimakiling, Oliver"]
[Black "Lalith, Babu M R"]
[Result "1-0"]
[WhiteTitle "IM"]
[BlackTitle "GM"]
[WhiteElo "2406"]
[BlackElo "2571"]
[WhiteFideId "5202248"]
[BlackFideId "5024595"]
[EventDate "2017.04.03"]

1. Nf3 d5 2. d4 Nc6 3. Bf4 Bg4 4. Nbd2 e6 5. h3 Bh5 6. c3 Bd6 7. e3 Nge7 8. Be2
f6 9. O-O Bxf4 10. exf4 Qd6 11. g3 h6 12. b4 g5 13. b5 Nd8 14. fxg5 hxg5 15. Re1
Nf7 16. c4 Bg6 17. Bf1 Nh6 18. Qb3 Bf7 19. Rac1 Kf8 20. cxd5 exd5 21. Qc3 c6 22.
a4 Kg7 23. Nb3 Rhe8 24. Nc5 Rab8 25. h4 gxh4 26. Nxh4 b6 27. Na6 Rbc8 28. Bh3 f5
29. Qd2 Qf6 30. Re5 cxb5 31. Nc7 Rh8 32. axb5 Qd6 33. Qg5+ Kf8 34. Ne6+ Bxe6 35.
Qf6+ Nf7 36. Rxe6 Rxc1+ 37. Kg2 Rh6 38. Rxd6 Rxf6 39. Rxf6 Rb1 40. Bxf5 Nxf5 41.
Nxf5 Ke8 42. g4 Ng5 43. Rg6 Ne4 44. f3 Rb2+ 45. Kh3 Rb3 46. Nh4 Kf7 47. Rc6 Ng5+
48. Kg3 Rxb5 49. Kf4 Nh3+ 50. Ke5 Rb3 51. Nf5 Rxf3 52. Rf6+ 1-0

[Event "19th Dubai Open 2017"]
[Site "Dubai UAE"]
[Date "2017.04.11"]
[Round "9.24"]
[White "Iniyan, P"]
[Black "Schroeder, Jan-Christian"]
[Result "0-1"]
[BlackTitle "GM"]
[WhiteElo "2399"]
[BlackElo "2529"]
[WhiteFideId "25002767"]
[BlackFideId "24662259"]
[EventDate "2017.04.03"]

1. d4 d5 2. c4 e6 3. Nc3 c6 4. Nf3 dxc4 5. a4 Bb4 6. g3 c5 7. Bg2 Nc6 8. Be3 Nf6
9. dxc5 Qa5 10. O-O Bxc5 11. Bg5 Be7 12. Bxf6 gxf6 13. Nb5 O-O 14. Qc2 a6 15.
Nbd4 Bd7 16. Qxc4 Rfd8 17. Nb3 Qh5 18. Rac1 Rac8 19. Qe4 Qg6 20. Qe3 Nb4 21. Nh4
Qg5 22. f4 Qg7 23. Nf5 Qf8 24. Nxe7+ Qxe7 25. Nc5 Bc6 26. Ne4 Nd5 27. Qc5 f5 28.
Qxe7 Nxe7 29. Nc5 Bxg2 30. Kxg2 Rd2 31. Kf3 Rxb2 32. Nd3 Rbc2 33. Rxc2 Rxc2 34.
Rb1 Rc7 35. h3 f6 36. g4 Kf7 37. g5 fxg5 38. fxg5 Nc6 39. e4 fxe4+ 40. Kxe4 Ke7
41. Nc5 Na5 42. Kd4 Rc8 43. Rb6 Rc6 44. Rxc6 Nxc6+ 45. Kc4 Ne5+ 46. Kb4 Nc6+ 47.
Kc4 Nd8 48. a5 Kf7 49. Ne4 Kg6 50. Kc5 Kf5 51. Nd6+ Kxg5 52. Kb6 e5 53. Kc7 Nc6
54. Nxb7 Nxa5 55. Nxa5 e4 56. Kb6 e3 57. Nc6 Kh4 58. Kxa6 Kxh3 59. Nd4 Kg2 60.
Kb5 h5 61. Kc4 h4 62. Nc2 Kf2 63. Kd4 e2 64. Nb4 h3 65. Nd3+ Kf1 66. Ke3 h2 67.
Kd4 0-1